[Event "Wch U10"]
[Site "Batumi"]
[Date "2022.09.25"]
[Round "9"]
[White "Nicot, Valentin"]
[Black "Garaev, Tamerlan"]
[Result "1/2-1/2"]
[WhiteElo "1705"]
[BlackElo "1312"]
[PlyCount "86"]
[EventDate "2022.09.16"]
[EventType "swiss"]
[EventRounds "11"]
[EventCountry "GEO"]
[SourceTitle "EXT 2023"]
[Source "ChessBase"]
[SourceDate "2022.10.05"]
[SourceVersion "1"]
[SourceVersionDate "2022.10.05"]
[SourceQuality "1"]

1. e4 d5 2. exd5 Nf6 3. d4 c6 4. dxc6 Nxc6 5. c3 Bf5 6. Bd3 Bxd3 7. Qxd3 e5 8. Qe2 Qe7 9. dxe5 Nxe5 10. Be3 Nfg4 11. Nf3 Nxe3 12. fxe3 g6 13. 0-0 Bg7 14. Nxe5 Qxe5 15. Nd2 0-0 16. Nf3 Qe7 17. Rae1 a5 18. Nd4 a4 19. a3 Qc7 20. Rf3 Ra5 21. Rh3 Re5 22. Qf2 f5 23. Qf4 Qe7 24. Nc2 Re4 25. Qf1 Qc5 26. Qf2 Rfe8 27. Rh4 Qb6 28. Rxe4 Rxe4 29. Nb4 Bh6 30. Nd5 Qe6 31. Rd1 Rxe3 32. Nc7 Qe7 33. Nd5 Qe6 34. Nc7 Qe7 35. Nd5 Qe6 36. Nc7 Qe7 37. Nd5 Qe6 38. Nc7 Qe7 39. Nd5 Qe6 40. Nc7 Qe7 41. Nd5 Qe6 42. Nc7 Qe7 43. Nd5 Qe6 1/2-1/2

[Event "Cappelle Online Blitz op 1st"]
[Site "Europe Echecs INT"]
[Date "2021.01.10"]
[Round "4"]
[White "Fischer, Julie"]
[Black "Nicot, Valentin"]
[Result "1-0"]
[WhiteElo "2071"]
[BlackElo "1041"]
[PlyCount "85"]
[EventDate "2021.01.10"]
[EventType "swiss (blitz)"]
[EventRounds "11"]
[EventCountry "FRA"]
[SourceTitle "CBM 200 Extra"]
[Source "ChessBase"]
[SourceDate "2021.03.31"]
[SourceVersion "1"]
[SourceVersionDate "2021.03.31"]
[SourceQuality "1"]

1. e4 c5 2. Nf3 Nc6 3. Bb5 g6 4. Bxc6 dxc6 5. 0-0 Bg7 6. c3 Qc7 7. d4 Nf6 8. e5 Nd7 9. Re1 e6 10. Be3 0-0 11. Qd2 b6 12. Bh6 Bb7 13. Bxg7 Kxg7 14. Qg5 cxd4 15. cxd4 c5 16. Nbd2 cxd4 17. Nxd4 Rad8 18. Qe7 Nc5 19. Qxc7 Rxd4 20. Nb3 Rd7 21. Qxd7 Nxd7 22. Rac1 Rc8 23. Rxc8 Bxc8 24. Rc1 Ba6 25. f4 Bb5 26. Rc7 Nc5 27. Nxc5 bxc5 28. Rxa7 c4 29. a4 Bc6 30. a5 Bb5 31. Rc7 Ba6 32. Kf2 Kf8 33. Ke3 Ke8 34. Kd4 Kd8 35. Rxf7 h5 36. Kc5 c3 37. bxc3 Kc8 38. Kb6 Bc4 39. Rc7+ Kb8 40. Rxc4 g5 41. fxg5 h4 42. Rf4 h3 43. Rf8# 1-0

[Event "FRA-ch Blitz Online Qual"]
[Site "Europe Echecs INT"]
[Date "2020.05.16"]
[Round "9"]
[White "Rode, Anthony"]
[Black "Nicot, Valentin"]
[Result "0-1"]
[WhiteElo "2055"]
[BlackElo "1041"]
[PlyCount "58"]
[EventDate "2020.05.16"]
[EventType "swiss (blitz)"]
[EventRounds "15"]
[EventCountry "FRA"]
[SourceTitle "CBM 196 Extra"]
[Source "ChessBase"]
[SourceDate "2020.07.31"]
[SourceVersion "1"]
[SourceVersionDate "2020.07.31"]
[SourceQuality "1"]

1. e4 c5 2. Nf3 e6 3. c4 Nc6 4. Nc3 Nf6 5. Be2 d5 6. cxd5 exd5 7. e5 Nd7 8. Bb5 a6 9. Bxc6 bxc6 10. 0-0 d4 11. Ne4 Be7 12. d3 0-0 13. Bf4 f6 14. exf6 Nxf6 15. Neg5 h6 16. Qb3+ Qd5 17. Rfe1 Qxb3 18. axb3 hxg5 19. Bxg5 Bd8 20. Ne5 Bb7 21. Ng6 Rf7 22. h4 Kh7 23. h5 Nxh5 24. Ne5 Rf5 25. Bd2 Bg5 26. Ba5 Re8 27. Bc7 Bf6 28. f4 Nxf4 29. g3 Bxe5 0-1